[Event "ch-city"]
[Site "Milanowek"]
[Date "2012.07.03"]
[Round "4.8"]
[White "Dabrowski, Mikolaj"]
[Black "Wierzgala, Krzysztof"]
[Result "1-0"]
[WhiteElo "1521"]
[BlackElo "1752"]
[PlyCount "71"]
[EventDate "2012.06.30"]
[EventType "swiss"]
[EventCountry "POL"]

1. Nf3 d5 2. b3 e6 3. Bb2 Nf6 4. e3 c5 5. c4 Nc6 6. cxd5 exd5 7. d4 cxd4 8.
Nxd4 Bb4+ 9. Bc3 Qa5 10. Bxb4 Qxb4+ 11. Qd2 Qe7 12. Nc3 O-O 13. Be2 Be6 14. O-O
Rac8 15. Rac1 Rfd8 16. Bd3 Ng4 17. h3 Nge5 18. Nxc6 bxc6 19. Qe2 Rd6 20. Bxh7+
Kxh7 21. Qh5+ Kg8 22. Qxe5 Rcd8 23. Ne2 Qh4 24. Nd4 Bxh3 25. Qh2 Rg6 26. Nf5
Qe4 27. Qxh3 Rf6 28. Ng3 Qe5 29. Qh5 Qe6 30. Rfd1 Rh6 31. Qf5 Qe7 32. Rd4 Rdd6
33. Qc8+ Rd8 34. Nf5 Qg5 35. Nxh6+ gxh6 36. Qxc6 1-0

[Event "ch-city"]
[Site "Milanowek"]
[Date "2012.07.03"]
[Round "4.9"]
[White "Grabarczyk, Sylwester"]
[Black "Starczewski, Michal"]
[Result "1/2-1/2"]
[WhiteElo "1738"]
[BlackElo "1541"]
[PlyCount "115"]
[EventDate "2012.06.30"]
[EventType "swiss"]
[EventCountry "POL"]

1. e4 c5 2. Nc3 d6 3. g3 Nc6 4. Bg2 Nf6 5. d3 e5 6. Nf3 Be7 7. O-O O-O 8. a3 h6
9. Nd5 Nxd5 10. exd5 Nd4 11. c3 Nb5 12. a4 Nc7 13. d4 cxd4 14. cxd4 e4 15. Ne1
Bf5 16. Qb3 b6 17. Nc2 Rc8 18. Nb4 Qd7 19. Be3 a5 20. Na2 b5 21. axb5 Qxb5 22.
Qxb5 Nxb5 23. Rfc1 Bf6 24. Nc3 Nxd4 25. Bxd4 Bxd4 26. Rxa5 e3 27. Bf1 exf2+ 28.
Kg2 Rfe8 29. Raa1 Be3 30. Rd1 Bc2 31. Ba6 Rb8 32. Bb5 Bxd1 33. Bxe8 Bb3 34. Bb5
Bd4 35. Bd3 g6 36. Ra5 Bc5 37. Kf1 f5 38. g4 fxg4 39. Ne4 Bxd5 40. Nf6+ Kg7 41.
Nxd5 Rxb2 42. Nf4 Kf6 43. Ra4 g5 44. Nh5+ Kf7 45. Rxg4 Rd2 46. Be2 Rc2 47. Rc4
Rxc4 48. Bxc4+ Kg6 49. Ng3 Kf6 50. Ne4+ Ke5 51. Nxc5 dxc5 52. Kxf2 Kf4 53. Kg2
h5 54. Bf7 h4 55. Kh3 Kf3 56. Bd5+ Kf4 57. Bc4 Kf3 58. Bd5+ 1/2-1/2

[Event "ch-city"]
[Site "Milanowek"]
[Date "2012.07.03"]
[Round "4.10"]
[White "Brudzinski, Maciej"]
[Black "Rzeszowski, Dominik"]
[Result "1/2-1/2"]
[WhiteElo "1913"]
[BlackElo "1627"]
[Annotator "Admin"]
[PlyCount "32"]
[EventDate "2012.06.30"]
[EventType "swiss"]
[EventCountry "POL"]

1. e4 e5 2. Bc4 Nc6 3. Nf3 Bc5 4. c3 Nf6 5. b4 Bxf2+ 6. Kxf2 Nxe4+ 7. Kg1 d5 8.
Bb5 Qf6 9. d3 Nd6 10. Bg5 Qf5 11. Bxc6+ bxc6 12. Qa4 Bd7 13. h4 f6 14. Bd2 Qxd3
15. Ne1 Qe2 16. Qc2 Bf5 $11 1/2-1/2

[Event "ch-city"]
[Site "Milanowek"]
[Date "2012.07.03"]
[Round "4.11"]
[White "Jarzebowski, Kacper"]
[Black "Katus, Tomasz"]
[Result "0-1"]
[WhiteElo "1301"]
[BlackElo "1841"]
[PlyCount "104"]
[EventDate "2012.06.30"]
[EventType "swiss"]
[EventCountry "POL"]

1. e4 c6 2. d4 d5 3. e5 Bf5 4. Nf3 e6 5. Bd3 Bxd3 6. Qxd3 Na6 7. a3 Ne7 8. O-O
Nf5 9. Bg5 Qd7 10. Nh4 Nxh4 11. Bxh4 c5 12. c3 Rc8 13. Nd2 Be7 14. Bxe7 Qxe7
15. Rac1 O-O 16. f4 cxd4 17. cxd4 Nb8 18. Nf3 Nc6 19. Ng5 g6 20. Qh3 h5 21. Qe3
Kg7 22. Rc3 Rc7 23. Rfc1 Rfc8 24. g3 Na5 25. Kg2 Rxc3 26. Rxc3 Rxc3 27. Qxc3
Nc4 28. Nf3 Qd7 29. Nd2 Qb5 30. Nxc4 Qxc4 31. Qxc4 dxc4 32. Kf2 b5 33. Ke2 a5
34. Kd2 b4 35. Kc2 Kf8 36. h3 Ke7 37. g4 hxg4 38. hxg4 Kd7 39. d5 exd5 40. f5
d4 41. axb4 axb4 42. Kd2 b3 43. Kc1 gxf5 44. gxf5 Kc6 45. Kd2 Kd5 46. e6 fxe6
47. f6 Kd6 48. Ke2 e5 49. Kf3 Ke6 50. Ke4 Kxf6 51. Kd5 c3 52. Kc4 cxb2 0-1

[Event "ch-city"]
[Site "Milanowek"]
[Date "2012.07.03"]
[Round "4.12"]
[White "Woloszyn, Piotr"]
[Black "Trocha, Adam"]
[Result "0-1"]
[WhiteElo "1581"]
[BlackElo "1560"]
[PlyCount "118"]
[EventDate "2012.06.30"]
[EventType "swiss"]
[EventCountry "POL"]

1. e4 c5 2. Nc3 Nc6 3. Nf3 d6 4. h3 Nf6 5. d4 cxd4 6. Nxd4 e6 7. Be2 Be7 8. O-O
O-O 9. Kh1 Nd7 10. f4 a6 11. a3 Nxd4 12. Qxd4 b5 13. Be3 Bb7 14. Bf3 Nc5 15.
Rad1 Qc7 16. f5 Rfd8 17. Qd2 Bf6 18. Bd4 e5 19. Be3 Bc6 20. Nd5 Bxd5 21. Qxd5
Na4 22. Qb3 Rac8 23. c3 Nc5 24. Qc2 Qe7 25. Rd5 Bg5 26. Qf2 Bxe3 27. Qxe3 Nd7
28. Qa7 Rc6 29. Rfd1 Rdc8 30. Qe3 Nb6 31. R5d3 Nc4 32. Qc1 Rd8 33. Kh2 Na5 34.
Rd5 Nb3 35. Qe3 Na5 36. Be2 h6 37. Qf2 Nb3 38. Rf1 Nc5 39. Bd3 Na4 40. Bb1 Nb6
41. Rd3 d5 42. exd5 Nxd5 43. Rfd1 Rcd6 44. Qc5 Qb7 45. Rg3 Rc6 46. Qf2 Rcc8 47.
Be4 Qb6 48. Qf3 Nf4 49. Rxd8+ Rxd8 50. Qg4 Qf6 51. Qf3 Rd7 52. b3 Qb6 53. Qe3
Qd6 54. c4 Re7 55. Qf3 Qxa3 56. cxb5 axb5 57. f6 g6 58. Bxg6 fxg6 59. Rxg6+
Nxg6 0-1

[Event "ch-city"]
[Site "Milanowek"]
[Date "2012.07.03"]
[Round "4.13"]
[White "Szustakowski, Antoni"]
[Black "Kowalik, Pawel"]
[Result "1/2-1/2"]
[WhiteElo "1485"]
[BlackElo "1722"]
[PlyCount "49"]
[EventDate "2012.06.30"]
[EventType "swiss"]
[EventCountry "POL"]

1. d4 Nf6 2. c4 e6 3. Nc3 d5 4. Bg5 Nbd7 5. e3 c6 6. Nf3 Qa5 7. Nd2 dxc4 8.
Bxf6 Nxf6 9. Bxc4 Be7 10. O-O O-O 11. Bd3 Nd5 12. Nxd5 exd5 13. Qc2 g6 14. Nf3
Bf6 15. h3 Qc7 16. b4 Bd7 17. Rac1 Qd6 18. a3 Rfc8 19. Rb1 a6 20. Rfc1 b6 21.
Qe2 b5 22. Qd2 Bd8 23. Ne5 Be8 24. Nf3 Bd7 25. Ne5 1/2-1/2

[Event "ch-city"]
[Site "Milanowek"]
[Date "2012.07.03"]
[Round "4.14"]
[White "Kolinski, Daniel"]
[Black "Tomaszewski, Wieslaw"]
[Result "1-0"]
[WhiteElo "1713"]
[BlackElo "1619"]
[PlyCount "33"]
[EventDate "2012.06.30"]
[EventType "swiss"]
[EventCountry "POL"]

1. e4 e6 2. d4 b6 3. f4 c5 4. d5 d6 5. c4 Be7 6. Bd3 Na6 7. a3 Bf6 8. Nf3 Bd4
9. Nxd4 cxd4 10. dxe6 fxe6 11. e5 Nc5 12. Qh5+ Kf8 13. Bc2 Bb7 14. O-O Ne7 15.
f5 exf5 16. Bxf5 Kg8 17. Be6+ 1-0

[Event "ch-city"]
[Site "Milanowek"]
[Date "2012.07.04"]
[Round "5.1"]
[White "Grochulski, Grzegorz"]
[Black "Goslawski, Michal"]
[Result "0-1"]
[WhiteElo "2090"]
[BlackElo "2113"]
[PlyCount "106"]
[EventDate "2012.06.30"]
[EventType "swiss"]
[EventCountry "POL"]

1. e4 c5 2. Nf3 Nc6 3. d4 cxd4 4. Nxd4 Nf6 5. Nc3 d6 6. Bc4 Qb6 7. Nxc6 bxc6 8.
O-O e6 9. Qe1 Be7 10. e5 dxe5 11. Qxe5 O-O 12. b3 Nd7 13. Qg3 Bf6 14. Bb2 Qa5
15. Rad1 Nb6 16. Bd3 Qh5 17. Be2 Qg6 18. Qxg6 hxg6 19. Bf3 Bb7 20. Rd6 Rfd8 21.
Rfd1 Rxd6 22. Rxd6 Rc8 23. Na4 Nxa4 24. Bxf6 gxf6 25. bxa4 Rc7 26. Rd8+ Kg7 27.
Kf1 c5 28. Bxb7 Rxb7 29. Rc8 Rb4 30. a5 Rc4 31. Ra8 Rxc2 32. a4 Ra2 33. Rxa7 c4
34. Rc7 Rxa4 35. a6 Rxa6 36. Rxc4 Ra2 37. g3 g5 38. h3 e5 39. Re4 Ra5 40. Re2
f5 41. Rb2 Ra4 42. Ke2 e4 43. Rb5 Kg6 44. Rb6+ f6 45. Rb1 Ra3 46. Rh1 Ra2+ 47.
Ke3 Ra3+ 48. Ke2 f4 49. gxf4 gxf4 50. h4 Ra2+ 51. Kf1 Ra1+ 52. Kg2 Rxh1 53.
Kxh1 Kh5 0-1

[Event "ch-city"]
[Site "Milanowek"]
[Date "2012.07.04"]
[Round "5.2"]
[White "Janczarski, Michal"]
[Black "Sielicki, Tomasz"]
[Result "1-0"]
[WhiteElo "2345"]
[BlackElo "2011"]
[PlyCount "91"]
[EventDate "2012.06.30"]
[EventType "swiss"]
[EventCountry "POL"]

1. c4 e5 2. g3 d6 3. Bg2 f5 4. Nc3 Nf6 5. d3 Be7 6. Rb1 O-O 7. b4 Qe8 8. e3 Kh8
9. Nge2 Na6 10. Nd5 Bd8 11. O-O c6 12. b5 Nc5 13. Nxf6 Bxf6 14. bxc6 bxc6 15.
Ba3 Bd7 16. Bxc5 dxc5 17. Qa4 Bd8 18. Qa3 Bb6 19. Qc3 Qb8 20. f4 Re8 21. e4 Qd6
22. Kh1 Rad8 23. a4 Qc7 24. Qa3 Bc8 25. Rb3 Rd6 26. Ng1 Rh6 27. Qb2 Qd6 28.
fxe5 Qxe5 29. Qxe5 Rxe5 30. exf5 Rxf5 31. a5 Bc7 32. Rxf5 Bxf5 33. Rb7 Bxg3 34.
Nf3 Bf4 35. Rxa7 g5 36. Rf7 Bxd3 37. a6 Bxc4 38. Rf8+ Kg7 39. a7 Kxf8 40. a8=Q+
Ke7 41. Qa7+ Kd6 42. Qg7 Re6 43. Bh3 Re7 44. Qf6+ Be6 45. Bxe6 Rxe6 46. Qd8#
1-0

[Event "ch-city"]
[Site "Milanowek"]
[Date "2012.07.04"]
[Round "5.3"]
[White "Olejarczyk, Bogdan"]
[Black "Tomaszewska, Luiza"]
[Result "1/2-1/2"]
[WhiteElo "2132"]
[BlackElo "1969"]
[PlyCount "104"]
[EventDate "2012.06.30"]
[EventType "swiss"]
[EventCountry "POL"]

1. d4 Nf6 2. Nf3 c5 3. c3 e6 4. g3 d5 5. Bg2 Be7 6. O-O O-O 7. Bg5 Nc6 8. e3 b6
9. Re1 Bb7 10. Nbd2 Rc8 11. Ne5 Nxe5 12. dxe5 Nd7 13. Bxe7 Qxe7 14. f4 Rfd8 15.
Qe2 c4 16. e4 Nc5 17. exd5 exd5 18. Nf3 Nd3 19. Rf1 b5 20. Nd4 b4 21. a4 Qc5
22. Bh3 Rc6 23. Bf5 Rb6 24. Bxd3 cxd3 25. Qxd3 Ba6 26. cxb4 Rxb4 27. Qxa6 Qxd4+
28. Rf2 Rxb2 29. Raf1 Rdb8 30. e6 fxe6 31. Qxe6+ Kh8 32. Kg2 h6 33. f5 a5 34.
Rxb2 Rxb2+ 35. Kh3 Qe4 36. Qxe4 dxe4 37. f6 gxf6 38. Rxf6 Kg7 39. Rf5 e3 40.
Re5 e2 41. g4 Kf6 42. Re4 Kg5 43. Kg3 Rb4 44. Re5+ Kf6 45. Rxe2 Rxa4 46. Rc2
Ra3+ 47. Kh4 a4 48. Rc6+ Kg7 49. Ra6 Kh7 50. g5 hxg5+ 51. Kxg5 Rh3 52. Ra7+ Kg8
1/2-1/2

[Event "ch-city"]
[Site "Milanowek"]
[Date "2012.07.04"]
[Round "5.4"]
[White "Dabrowski, Mikolaj"]
[Black "Rogalski, Krzysztof"]
[Result "1/2-1/2"]
[WhiteElo "1521"]
[BlackElo "1855"]
[PlyCount "49"]
[EventDate "2012.06.30"]
[EventType "swiss"]
[EventCountry "POL"]

1. e4 c5 2. Nf3 e6 3. d4 cxd4 4. Nxd4 a6 5. Be2 Nf6 6. Bf3 d5 7. exd5 Nxd5 8.
c4 Bb4+ 9. Nd2 Nb6 10. Qb3 Bc5 11. Ne2 Nc6 12. Bxc6+ bxc6 13. Qg3 O-O 14. b3
Bd6 15. Qe3 Nd7 16. Bb2 Qc7 17. Nf3 Bb4+ 18. Nc3 Nf6 19. O-O-O a5 20. h4 Ba6
21. Na4 Be7 22. Ne5 Rfd8 23. Rxd8+ Rxd8 24. Nc5 Qb6 25. Nxa6 1/2-1/2

[Event "ch-city"]
[Site "Milanowek"]
[Date "2012.07.04"]
[Round "5.5"]
[White "Kowalska, Elzbieta"]
[Black "Liberadzki, Slawomir"]
[Result "1/2-1/2"]
[WhiteElo "1944"]
[BlackElo "2080"]
[Annotator "Admin"]
[PlyCount "61"]
[EventDate "2012.06.30"]
[EventType "swiss"]
[EventCountry "POL"]

1. e4 c5 2. Nf3 e6 3. d4 cxd4 4. Nxd4 Nc6 5. Nc3 Qc7 6. Be2 a6 7. O-O Nf6 8.
Kh1 Bb4 9. f3 O-O 10. Bg5 Be7 11. f4 d6 12. Nf3 b5 13. a3 Bb7 14. Bd3 Rfd8 15.
Qe2 b4 16. Nd1 h6 17. Bh4 d5 18. e5 Ne4 19. Bxe7 Qxe7 20. c3 bxc3 21. Nxc3 Nxc3
22. bxc3 Qc5 23. Rfc1 Rab8 24. h4 Na5 25. Nd4 Nc6 26. Qd2 Rdc8 27. Bc2 Nxd4 28.
cxd4 Qe7 29. g3 h5 30. a4 g6 31. Bd3 $11 1/2-1/2

[Event "ch-city"]
[Site "Milanowek"]
[Date "2012.07.04"]
[Round "5.6"]
[White "Trocha, Adam"]
[Black "Borowy, Cezary"]
[Result "1-0"]
[WhiteElo "1560"]
[BlackElo "1851"]
[PlyCount "59"]
[EventDate "2012.06.30"]
[EventType "swiss"]
[EventCountry "POL"]

1. c4 Nf6 2. Nc3 e6 3. e4 d5 4. cxd5 exd5 5. e5 Ng4 6. d4 g6 7. Bf4 Bg7 8. Qd2
h5 9. Bd3 c6 10. Nf3 Nh6 11. O-O Be6 12. Ng5 Qe7 13. Qc2 Bf5 14. Bxf5 Nxf5 15.
Rad1 Bh6 16. Qc1 Ng7 17. Nxd5 cxd5 18. Qc8+ Qd8 19. Qxd8+ Kxd8 20. Nxf7+ Kd7
21. Bxh6 Rh7 22. Bxg7 Rxg7 23. Nd6 Ke6 24. Ne8 Re7 25. Nf6 Nc6 26. Rd2 Nxd4 27.
Rxd4 Kxe5 28. Nxd5 Rd7 29. Rfd1 Rad8 30. f4+ 1-0

[Event "ch-city"]
[Site "Milanowek"]
[Date "2012.07.04"]
[Round "5.7"]
[White "Katus, Tomasz"]
[Black "Grabarczyk, Sylwester"]
[Result "1/2-1/2"]
[WhiteElo "1841"]
[BlackElo "1738"]
[PlyCount "82"]
[EventDate "2012.06.30"]
[EventType "swiss"]
[EventCountry "POL"]

1. e4 e5 2. Nf3 Nc6 3. d4 exd4 4. Nxd4 Bb4+ 5. c3 Bc5 6. Be3 Bb6 7. Be2 d6 8.
O-O Nf6 9. f3 O-O 10. Bf2 Ne7 11. Na3 Ng6 12. Qd2 d5 13. exd5 Nxd5 14. Nc4 Ngf4
15. Rad1 Qg5 16. Bg3 Nxe2+ 17. Qxe2 Bc5 18. Rfe1 Bd7 19. Qe5 Qxe5 20. Rxe5 Be6
21. Kf1 Bxd4 22. Rxd4 Rfd8 23. Na5 c5 24. Rde4 b6 25. Nb3 Nf6 26. Re1 Rd3 27.
Kf2 Rad8 28. R5e3 g5 29. Rxd3 Rxd3 30. Bb8 a5 31. Bc7 a4 32. Nc1 Rd2+ 33. Re2
Rxe2+ 34. Kxe2 Nd5 35. Bd6 c4 36. g3 a3 37. Bxa3 f5 38. Bd6 b5 39. Kf2 Kf7 40.
Ne2 Bd7 41. Nd4 Kf6 1/2-1/2

[Event "ch-city"]
[Site "Milanowek"]
[Date "2012.07.04"]
[Round "5.8"]
[White "Hagner, Pawel"]
[Black "Borowski, Marek"]
[Result "1-0"]
[WhiteElo "1828"]
[BlackElo "1587"]
[PlyCount "73"]
[EventDate "2012.06.30"]
[EventType "swiss"]
[EventCountry "POL"]

1. d4 Nf6 2. Nf3 d5 3. Bg5 h6 4. Bh4 Bf5 5. e3 Nbd7 6. Nbd2 c5 7. c3 g5 8. Bg3
Nh5 9. Be2 e6 10. Bb5 Nxg3 11. hxg3 a6 12. Be2 c4 13. a4 b5 14. axb5 axb5 15.
Rxa8 Qxa8 16. Nxg5 Bg7 17. Ngf3 Ke7 18. Nh4 Bh7 19. O-O Rb8 20. Bf3 Bd3 21. Re1
b4 22. e4 Kf8 23. exd5 exd5 24. Be2 Bh7 25. Bg4 bxc3 26. bxc3 Nf6 27. Bf5 Bxf5
28. Nxf5 Re8 29. Re5 Rxe5 30. dxe5 Ne8 31. Nf3 Nc7 32. Nxg7 Kxg7 33. Nd4 Qa6
34. Nf5+ Kh7 35. Nd6 f6 36. Qh5 Ne6 37. Qf5+ 1-0

[Event "ch-city"]
[Site "Milanowek"]
[Date "2012.07.04"]
[Round "5.9"]
[White "Cyra, Dariusz"]
[Black "Fraczek, Lukasz"]
[Result "1/2-1/2"]
[WhiteElo "1819"]
[BlackElo "1557"]
[PlyCount "54"]
[EventDate "2012.06.30"]
[EventType "swiss"]
[EventCountry "POL"]

1. d4 Nf6 2. c4 g6 3. Nc3 Bg7 4. e4 d6 5. f4 O-O 6. Nf3 c5 7. d5 e6 8. Be2 exd5
9. cxd5 Bg4 10. O-O Nbd7 11. Re1 a6 12. a4 Ne8 13. h3 Bxf3 14. Bxf3 Nc7 15. Be3
b5 16. e5 b4 17. Ne4 dxe5 18. Nxc5 exf4 19. Nxd7 Qxd7 20. Bc5 Rfe8 21. d6 Rxe1+
22. Qxe1 Re8 23. Qxb4 Ne6 24. Rd1 Nxc5 25. Qxc5 Qxa4 26. b4 Rd8 27. Qb6 Bf6
1/2-1/2

[Event "ch-city"]
[Site "Milanowek"]
[Date "2012.07.04"]
[Round "5.10"]
[White "Brudzinski, Maciej"]
[Black "Starczewski, Michal"]
[Result "1-0"]
[WhiteElo "1913"]
[BlackElo "1541"]
[PlyCount "55"]
[EventDate "2012.06.30"]
[EventType "swiss"]
[EventCountry "POL"]

1. e4 c5 2. Nf3 d6 3. Bc4 Nc6 4. d4 cxd4 5. c3 dxc3 6. Nxc3 e6 7. O-O a6 8. a4
Nge7 9. Bf4 Ng6 10. Bg3 Be7 11. h4 Nxh4 12. Nxh4 Bxh4 13. Bxd6 Be7 14. e5 O-O
15. Ne4 Re8 16. Qh5 h6 17. Rad1 Qa5 18. f4 Bxd6 19. Nxd6 Re7 20. Rf3 Bd7 21.
Rg3 Nxe5 22. fxe5 Bxa4 23. b3 Bc6 24. Nxf7 Rxf7 25. Bxe6 Raf8 26. Rf1 Qb6+ 27.
Kh2 Be8 28. Qxh6 1-0

[Event "ch-city"]
[Site "Milanowek"]
[Date "2012.07.04"]
[Round "5.11"]
[White "Wierzgala, Krzysztof"]
[Black "Rzeszowski, Dominik"]
[Result "1-0"]
[WhiteElo "1752"]
[BlackElo "1627"]
[PlyCount "101"]
[EventDate "2012.06.30"]
[EventType "swiss"]
[EventCountry "POL"]

1. e4 e5 2. Nf3 Nc6 3. Bc4 Bc5 4. Nc3 Nf6 5. O-O O-O 6. d3 h6 7. Nd5 d6 8. c3
Na5 9. Bb3 Nxb3 10. axb3 Nxd5 11. exd5 Bb6 12. Be3 c6 13. dxc6 bxc6 14. h3 Bxe3
15. fxe3 Qb6 16. d4 e4 17. Nd2 d5 18. b4 a5 19. Rf2 Bb7 20. bxa5 Qxb2 21. Rb1
Qxc3 22. Rxb7 Qxe3 23. Nb3 f5 24. Qd2 Qxd2 25. Rxd2 f4 26. Rb6 Rfb8 27. Nc5
Rxb6 28. axb6 Ra1+ 29. Kh2 Rb1 30. b7 e3 31. Re2 g5 32. g3 Kf7 33. gxf4 gxf4
34. Kg2 h5 35. Rc2 Ke7 36. Kf3 Rf1+ 37. Ke2 Rb1 38. Kd3 Kd6 39. Rg2 f3 40. Rg6+
Kc7 41. Kxe3 Kb8 42. Kxf3 Rf1+ 43. Ke2 Rb1 44. Rxc6 Rb2+ 45. Kd1 h4 46. Kc1 Rb5
47. Rc8+ Ka7 48. Ra8+ Kb6 49. b8=Q+ Kc6 50. Ra6+ Rb6 51. Rxb6# 1-0

[Event "ch-city"]
[Site "Milanowek"]
[Date "2012.07.04"]
[Round "5.12"]
[White "Kowalik, Pawel"]
[Black "Jarzebowski, Kacper"]
[Result "1-0"]
[WhiteElo "1722"]
[BlackElo "1301"]
[PlyCount "89"]
[EventDate "2012.06.30"]
[EventType "swiss"]
[EventCountry "POL"]

1. c4 Nf6 2. Nc3 d6 3. d4 e5 4. d5 g6 5. e4 Bg7 6. Bd3 O-O 7. Nge2 Nbd7 8. f3
Nc5 9. Bc2 a5 10. Be3 Ne8 11. a3 f5 12. b4 axb4 13. axb4 Rxa1 14. Qxa1 Na6 15.
Qb1 f4 16. Bf2 Nf6 17. Na4 Bd7 18. b5 Nb8 19. c5 Qe8 20. c6 Bc8 21. Ba7 Nxc6
22. bxc6 bxc6 23. dxc6 Qxc6 24. Bb3+ Kh8 25. Qc2 Bb7 26. Qxc6 Bxc6 27. Nac3 Ra8
28. Bf2 Bd7 29. Kd2 Rb8 30. Rb1 Bh6 31. Kc2 Bg7 32. Ba4 Rxb1 33. Kxb1 Be6 34.
Kc2 Bf8 35. Bb3 Bd7 36. Nd5 Ne8 37. Nec3 c5 38. Ba4 Bxa4+ 39. Nxa4 Kg7 40. Kc3
Nf6 41. Kc4 Kf7 42. Nxf6 Kxf6 43. Kd5 Ke7 44. Nxc5 Kd8 45. Ne6+ 1-0

[Event "ch-city"]
[Site "Milanowek"]
[Date "2012.07.04"]
[Round "5.13"]
[White "Szustakowski, Antoni"]
[Black "Kolinski, Daniel"]
[Result "1/2-1/2"]
[WhiteElo "1485"]
[BlackElo "1713"]
[Annotator "Admin"]
[PlyCount "73"]
[EventDate "2012.06.30"]
[EventType "swiss"]
[EventCountry "POL"]

1. d4 Nf6 2. c4 c5 3. d5 e6 4. Nc3 d6 5. e4 g6 6. f4 exd5 7. cxd5 Bg7 8. Bb5+
Bd7 9. Bxd7+ Nbxd7 10. Nf3 O-O 11. O-O Re8 12. Re1 a6 13. e5 dxe5 14. fxe5 Ng4
15. e6 fxe6 16. dxe6 Nde5 17. Qxd8 Raxd8 18. Nxe5 Nxe5 19. e7 Rd7 20. h3 Rdxe7
21. Bd2 Nd3 22. Rxe7 Rxe7 23. Rb1 b5 24. b3 Rf7 25. Ne4 Bd4+ 26. Kh2 $11 Re7
27. Nc3 b4 28. Nd5 Re2 29. Bh6 Be5+ 30. Kg1 Bd4+ 31. Kh2 Rxa2 32. Rf1 Be5+ 33.
Kg1 Ra1 34. Ne7+ Kh8 35. Nd5 Rxf1+ 36. Kxf1 Nc1 37. Bxc1 1/2-1/2

[Event "ch-city"]
[Site "Milanowek"]
[Date "2012.07.04"]
[Round "5.14"]
[White "Tomaszewski, Wieslaw"]
[Black "Woloszyn, Piotr"]
[Result "0-1"]
[WhiteElo "1619"]
[BlackElo "1581"]
[PlyCount "142"]
[EventDate "2012.06.30"]
[EventType "swiss"]
[EventCountry "POL"]

1. d4 Nf6 2. Bf4 g6 3. Nf3 Bg7 4. Nc3 d5 5. e3 c6 6. h3 a5 7. Bd3 Nbd7 8. Ne5
a4 9. a3 Nh5 10. Bh2 Bxe5 11. dxe5 e6 12. g4 Ng7 13. Bf4 h5 14. Qf3 Nc5 15.
O-O-O Nxd3+ 16. Rxd3 Qe7 17. h4 hxg4 18. Qxg4 Nh5 19. Bg5 Qc5 20. Qd4 Qxd4 21.
exd4 Bd7 22. Ne2 b5 23. c3 Bc8 24. Rf3 Rh7 25. Kd2 Ba6 26. Ke3 Rc8 27. Nf4 Ng7
28. h5 gxh5 29. Rfh3 Nf5+ 30. Kf3 h4 31. Ng2 c5 32. dxc5 d4 33. Nxh4 Bb7+ 34.
Kg4 Bxh1 35. Rxh1 dxc3 36. bxc3 Rxc5 37. Rh3 Rc4+ 38. f4 Nxh4 39. Bxh4 Rc5 40.
Rd3 Rd5 41. Re3 Kd7 42. Bf6 Rd1 43. Rg3 Kc6 44. f5 Kd5 45. fxe6 Kxe6 46. Kg5
Rhh1 47. Kf4 Rhf1+ 48. Ke4 Rfe1+ 49. Kf4 Ra1 50. Rg8 Rf1+ 51. Ke4 Rae1+ 52. Kd4
Rxf6 53. exf6 Kxf6 54. c4 bxc4 55. Kxc4 Kf5 56. Ra8 Kg4 57. Rg8+ Kf4 58. Ra8 f5
59. Rxa4 Re4+ 60. Kb5 Rxa4 61. Kxa4 Ke3 62. Kb5 f4 63. a4 f3 64. Kb6 f2 65. a5
f1=Q 66. a6 Qf6+ 67. Kb7 Qe7+ 68. Kb8 Qd8+ 69. Kb7 Qd5+ 70. Kb8 Qb5+ 71. Ka7
Kd4 0-1

[Event "ch-city"]
[Site "Milanowek"]
[Date "2012.07.05"]
[Round "6.1"]
[White "Goslawski, Michal"]
[Black "Olejarczyk, Bogdan"]
[Result "1-0"]
[WhiteElo "2113"]
[BlackElo "2132"]
[PlyCount "61"]
[EventDate "2012.06.30"]
[EventType "swiss"]
[EventCountry "POL"]

1. e4 c6 2. d4 d5 3. e5 h5 4. Be2 g6 5. h3 Bf5 6. Nf3 e6 7. O-O Be7 8. Ne1 h4
9. c4 dxc4 10. Bxc4 Nd7 11. Nc3 Nb6 12. Bb3 Nh6 13. Be3 Kf8 14. Qd2 Kg7 15. Nf3
a5 16. a4 Nd5 17. Bg5 Nb4 18. Rfd1 Ng8 19. Bxe7 Nxe7 20. Ng5 Qb6 21. Nce4 Bxe4
22. Nxe4 Nbd5 23. Ra3 Qb4 24. Qd3 Rh5 25. Nc5 Qb6 26. Bxd5 Nxd5 27. Rb3 Nb4 28.
Qe4 Qc7 29. Rc1 b6 30. Nd3 c5 31. Qxa8 1-0

[Event "ch-city"]
[Site "Milanowek"]
[Date "2012.07.05"]
[Round "6.2"]
[White "Janczarski, Michal"]
[Black "Rogalski, Krzysztof"]
[Result "1-0"]
[WhiteElo "2345"]
[BlackElo "1855"]
[PlyCount "69"]
[EventDate "2012.06.30"]
[EventType "swiss"]
[EventCountry "POL"]

1. Nf3 d5 2. c4 d4 3. e3 c5 4. exd4 cxd4 5. d3 Nc6 6. g3 e5 7. Bg2 Nf6 8. O-O
Bd6 9. b4 Nxb4 10. Nxe5 O-O 11. a3 Na6 12. Nf3 Nc5 13. Re1 Bf5 14. Bf1 Bc7 15.
Bb2 Ne6 16. Nbd2 Bb6 17. Qc2 Rc8 18. Nb3 h6 19. Bg2 Rc7 20. a4 a6 21. Rad1 Qd6
22. Qd2 Rd8 23. Re5 Bh7 24. Rde1 Nc5 25. Nxc5 Bxc5 26. Qc2 b5 27. axb5 axb5 28.
Nd2 bxc4 29. Nxc4 Qa6 30. Ra1 Qc8 31. Ra8 Qd7 32. Bh3 Qxh3 33. Rxd8+ Bf8 34.
Ba3 Bxd3 35. Rxf8+ 1-0

[Event "ch-city"]
[Site "Milanowek"]
[Date "2012.07.05"]
[Round "6.3"]
[White "Tomaszewska, Luiza"]
[Black "Grochulski, Grzegorz"]
[Result "1/2-1/2"]
[WhiteElo "1969"]
[BlackElo "2090"]
[PlyCount "94"]
[EventDate "2012.06.30"]
[EventType "swiss"]
[EventCountry "POL"]

1. d4 Nf6 2. Nf3 c5 3. d5 e6 4. Nc3 exd5 5. Nxd5 Nxd5 6. Qxd5 Be7 7. e4 O-O 8.
Be2 Na6 9. Bd2 Nc7 10. Qh5 d5 11. O-O-O Be6 12. exd5 Qxd5 13. Bg5 Bxg5+ 14.
Nxg5 Qf5 15. Bd3 Qf4+ 16. Kb1 h6 17. Nxe6 Nxe6 18. g3 Qg5 19. Qxg5 hxg5 20. h4
gxh4 21. Rxh4 Rfd8 22. Rdh1 Kf8 23. f4 Ke7 24. Re1 Kf6 25. Be4 Rd7 26. b3 Re8
27. Bd3 Rde7 28. Rh5 g6 29. Rd5 b6 30. Rd6 Kg7 31. c3 Nc7 32. Rxe7 Rxe7 33. g4
Ne8 34. Rd8 Nf6 35. g5 Ne4 36. Kc2 Nf2 37. Rd6 Nh3 38. Rf6 Re6 39. Bf1 Re3 40.
Bxh3 Rxh3 41. a4 Kf8 42. c4 Rf3 43. Kb2 Ke7 44. a5 bxa5 45. Ka3 Rf1 46. Ka4 Rf3
47. Ka3 Rf1 1/2-1/2

[Event "ch-city"]
[Site "Milanowek"]
[Date "2012.07.05"]
[Round "6.4"]
[White "Liberadzki, Slawomir"]
[Black "Hagner, Pawel"]
[Result "1-0"]
[WhiteElo "2080"]
[BlackElo "1828"]
[PlyCount "51"]
[EventDate "2012.06.30"]
[EventType "swiss"]
[EventCountry "POL"]

1. e4 g6 2. d4 Bg7 3. c4 d6 4. Nc3 Nf6 5. f3 c6 6. Be3 Nbd7 7. Qd2 O-O 8. Nge2
e5 9. g4 a6 10. d5 c5 11. Ng3 Rb8 12. h4 Qa5 13. Bh6 b5 14. cxb5 axb5 15. h5 b4
16. Nd1 Ba6 17. Bxa6 Qxa6 18. hxg6 fxg6 19. Bxg7 Kxg7 20. Qh6+ Kf7 21. g5 Ne8
22. Qxh7+ Ng7 23. Rh6 Rg8 24. Qxg6+ Kf8 25. Nf5 Ne8 26. Qe6 1-0

[Event "ch-city"]
[Site "Milanowek"]
[Date "2012.07.05"]
[Round "6.5"]
[White "Sielicki, Tomasz"]
[Black "Trocha, Adam"]
[Result "1-0"]
[WhiteElo "2011"]
[BlackElo "1560"]
[PlyCount "71"]
[EventDate "2012.06.30"]
[EventType "swiss"]
[EventCountry "POL"]

1. d4 Nf6 2. Bg5 e6 3. e4 Be7 4. e5 Nd5 5. Bxe7 Qxe7 6. Qd2 O-O 7. Nf3 d6 8. c4
Nb6 9. Nc3 Nc6 10. exd6 cxd6 11. Bd3 e5 12. O-O f5 13. Rfe1 Qf6 14. dxe5 dxe5
15. c5 Nd7 16. Nd5 Qd8 17. Bc4 Kh8 18. b4 e4 19. Nd4 Nxd4 20. Qxd4 Nf6 21. Rad1
Nxd5 22. Bxd5 Qc7 23. f3 exf3 24. Bxf3 Qf7 25. Qd6 Re8 26. Bd5 Qf8 27. Re5 Rd8
28. Qxf8+ Rxf8 29. Rde1 f4 30. Re8 Bf5 31. Rxa8 Rxa8 32. Bxb7 Rd8 33. c6 Bc8
34. c7 Rf8 35. Bxc8 Rxc8 36. Rd1 1-0